モノレール駅がある日本の市区町村 - Statistics

General Stats
  • This quiz has been taken 4 times
  • The average score is 17 of 21
Answer Stats
Answer % Correct
千葉市
100%
豊中市
100%
吹田市
100%
茨木市
100%
摂津市
100%
北九州市
100%
那覇市
100%
浦安市
75%
港区
75%
品川区
75%
大田区
75%
立川市
75%
日野市
75%
八王子市
75%
多摩市
75%
鎌倉市
75%
藤沢市
75%
守口市
75%
門真市
75%
浦添市
75%
東大和市
50%
No matching quizzes found
Score Distribution
Percent of People with Each Score
Percentile by Number Answered
Your Score History
You have not taken this quiz